000171799 001__ 171799
000171799 005__ 20260603114408.0
000171799 0248_ $$2sideral$$a149516
000171799 037__ $$aART-2025-149516
000171799 041__ $$aspa
000171799 100__ $$0(orcid)0000-0002-7716-0593$$aBandrés Oróñez, Luis Carlos$$uUniversidad de Zaragoza
000171799 245__ $$aCláusula ludita: un escudo de protección ante los sistemas de inteligencia artificial
000171799 260__ $$c2025
000171799 5203_ $$aSe sabe que la irrupción de la inteligencia artificial en el ámbito de las relaciones laborales no es neutra desde la perspectiva de los derechos fundamentales y libertades públicas. Siendo así, vengo a realizar una propuesta de lege ferenda consistente en el reconocimiento de una suerte de cláusula de conciencia en favor de las personas trabajadoras ante determinados usos empresariales que de aquellos sistemas de IA se pretendan implantar o se encuentren ya implantados. Dos son las modalidades de ejercicio propuestas: cláusula de conciencia en su modalidad resistente y en su modalidad extintiva.
000171799 540__ $$9info:eu-repo/semantics/closedAccess$$aAll rights reserved$$uhttp://www.europeana.eu/rights/rr-f/
000171799 655_4 $$ainfo:eu-repo/semantics/article$$vinfo:eu-repo/semantics/publishedVersion
000171799 7102_ $$14003$$2140$$aUniversidad de Zaragoza$$bDpto. Derecho de la Empresa$$cÁrea Derecho Trabajo y S.S.
000171799 773__ $$g71 (2025), 336-352$$pRev. gen. derecho trab. segur. soc$$tRevista General de Derecho del Trabajo y de la Seguridad Social$$x1696-9626
000171799 8564_ $$s1060776$$uhttps://zaguan.unizar.es/record/171799/files/texto_completo.pdf$$yVersión publicada
000171799 8564_ $$s1718721$$uhttps://zaguan.unizar.es/record/171799/files/texto_completo.jpg?subformat=icon$$xicon$$yVersión publicada
000171799 909CO $$ooai:zaguan.unizar.es:171799$$particulos$$pdriver
000171799 951__ $$a2026-06-03-11:05:36
000171799 980__ $$aARTICLE